|
|
|
|
| LEADER |
00000cam a2200000 i 4500 |
| 001 |
1/94417 |
| 008 |
080923s2004 gr | ||| |||| ||gre|| |
| 020 |
|
|
|a 9603255610
|
| 035 |
|
|
|l 10100377
|
| 040 |
|
|
|a GR-MyUa
|b gre
|e AACR2
|
| 041 |
0 |
|
|a gre
|
| 082 |
7 |
|
|a 700.9
|2 (22)
|
| 100 |
1 |
|
|a Δασκαλοθανάσης, Νίκος,
|d 1961-
|
| 245 |
1 |
2 |
|a Ο καλλιτέχνης ως ιστορικό υποκείμενο από τον 19ο στον 21ο αιώνα /
|c Νίκος Δασκαλοθανάσης.
|
| 260 |
|
|
|a Αθήνα :
|b Άγρα,
|c c2004.
|
| 300 |
|
|
|a 351 σ. :
|b εικ. ;
|c 21 εκ.
|
| 504 |
|
|
|a Βιβλιογραφία: σ. 321-339. Ευρετήριο.
|
| 650 |
|
0 |
|a Art, Modern
|y 19th century
|x History.
|
| 650 |
|
0 |
|a Art, Modern
|y 20th century
|x History.
|
| 650 |
|
0 |
|a Artists
|y 19th century.
|
| 650 |
|
0 |
|a Artists
|y 20th century.
|
| 852 |
|
|
|a INST
|b LESVOS
|e 20180124
|h 700.9 ΔΑΣ
|p 005100060929
|q 005100060929
|t BK
|y 0
|
| 852 |
|
|
|a INST
|b SYROS
|e 20100915
|h 700.9 ΔΑΣ
|p 005500007646
|q 005500007646
|t BK
|y 0
|
| 852 |
|
|
|a INST
|b SYROS
|e 20080923
|h 700.9 ΔΑΣ
|p 005500009099
|q 005500009099
|t BK
|y 0
|
| 901 |
|
|
|a BIBL5-2010-2
|
| 901 |
|
|
|a BIBL5-2008-3
|
| 922 |
|
|
|a 5ΕΛΗ
|b 200802
|c ΕΠΕΑΕΚ2/ΤΜΣΠΣ
|d Σ. Πατάκης
|
| 970 |
|
|
|a Καγιαβά
|b Ειρήνη
|z 23/09/2008
|